[Event "POL-ch U18 Girls"]
[Site "Krynica"]
[Date "2003.??.??"]
[Round "9"]
[White "Baran, Barbara"]
[Black "Socha, Anna"]
[Result "1/2-1/2"]
[WhiteElo "2075"]
[BlackElo "2105"]
[PlyCount "79"]
[EventDate "2003.??.??"]
[EventType "swiss"]
[EventRounds "11"]
[EventCountry "POL"]
[SourceTitle "EXT 2007"]
[Source "ChessBase"]
[SourceDate "2006.11.23"]
[SourceVersion "1"]
[SourceVersionDate "2006.11.23"]
[SourceQuality "1"]

1. e4 e5 2. Nf3 Nc6 3. Bc4 Nf6 4. d3 Bc5 5. c3 a6 6. Bb3 Ba7 7. 0-0 0-0 8. Nbd2 d6 9. Qe2 Ne7 10. Nc4 Ng6 11. Be3 Kh8 12. Bxa7 Rxa7 13. h3 Nh5 14. d4 b5 15. Ncd2 Qf6 16. Qe3 Ra8 17. Qg5 Nhf4 18. h4 Be6 19. h5 Qxg5 20. Nxg5 Nxh5 21. Bxe6 fxe6 22. Nxe6 Rf7 23. d5 Nhf4 24. Nxf4 Nxf4 25. a4 b4 26. cxb4 Rb8 27. b5 axb5 28. axb5 Ne2+ 29. Kh2 Nd4 30. b6 cxb6 31. Nc4 Rf6 32. g3 b5 33. Ne3 h5 34. Kg2 Rbf8 35. Ra7 Rf3 36. Rb7 R3f6 37. Nd1 Kh7 38. Nc3 Nf3 39. Nd1 Nd4 40. Nc3 1/2-1/2

[Event "POL-ch U18 Girls"]
[Site "Krynica"]
[Date "2003.??.??"]
[Round "3"]
[White "Pokojska, Daria"]
[Black "Socha, Anna"]
[Result "0-1"]
[WhiteElo "2080"]
[BlackElo "2105"]
[PlyCount "42"]
[EventDate "2003.??.??"]
[EventType "swiss"]
[EventRounds "11"]
[EventCountry "POL"]
[SourceTitle "EXT 2007"]
[Source "ChessBase"]
[SourceDate "2006.11.23"]
[SourceVersion "1"]
[SourceVersionDate "2006.11.23"]
[SourceQuality "1"]

1. c4 c6 2. b3 d5 3. Bb2 Nf6 4. g3 Bf5 5. d3 e6 6. Bg2 Bc5 7. e3 Bb4+ 8. Bc3 Na6 9. Ne2 dxc4 10. e4 cxd3 11. exf5 dxe2 12. Qxe2 0-0 13. fxe6 Re8 14. 0-0 Rxe6 15. Qc4 Qa5 16. Bb2 Qh5 17. a3 Bc5 18. Nd2 Qe2 19. Qc3 Rd8 20. Ne4 Rxe4 21. Rae1 Bxf2+ 0-1

[Event "POL-ch U18 Girls"]
[Site "Krynica"]
[Date "2003.??.??"]
[Round "1"]
[White "Truszkiewicz, Eliza"]
[Black "Socha, Anna"]
[Result "0-1"]
[WhiteElo "2000"]
[BlackElo "2105"]
[PlyCount "85"]
[EventDate "2003.??.??"]
[EventType "swiss"]
[EventRounds "11"]
[EventCountry "POL"]
[SourceTitle "EXT 2007"]
[Source "ChessBase"]
[SourceDate "2006.11.23"]
[SourceVersion "1"]
[SourceVersionDate "2006.11.23"]
[SourceQuality "1"]

1. e4 c5 2. Nf3 Nc6 3. g3 e6 4. Bg2 d5 5. exd5 exd5 6. d4 Nf6 7. 0-0 cxd4 8. Nxd4 Be7 9. Nc3 0-0 10. Nde2 Bg4 11. h3 Be6 12. Nd4 Nxd4 13. Qxd4 Qd7 14. Kh2 Rac8 15. Qxa7 Rc4 16. Nd1 Bc5 17. Qa5 Bb4 18. Qb6 Re8 19. c3 Bd6 20. Qb3 Bxh3 21. Kg1 Bxg2 22. Kxg2 Rh4 23. Ne3 Qh3+ 24. Kf3 Ng4 25. Ke2 Nxe3 26. Bxe3 Rhe4 27. Rg1 Bc5 28. Qxd5 Bxe3 29. fxe3 Rxe3+ 30. Kd2 Re2+ 31. Kd3 Qg4 32. Qd4 Qf3+ 33. Kc4 R2e4 34. Rad1 Rxd4+ 35. Rxd4 h6 36. g4 Qf2 37. Rb1 Qc2 38. Rdd1 Rc8+ 39. Kb5 Qe4 40. Rg1 Qc4+ 41. Kb6 Qc5+ 42. Kxb7 Qc6+ 43. Ka7 0-1

[Event "POL-ch sf (Women)"]
[Site "Lubniewice"]
[Date "2002.12.07"]
[Round "8"]
[White "Kupczyk, Edyta"]
[Black "Socha, Anna"]
[Result "1-0"]
[WhiteElo "2047"]
[BlackElo "2094"]
[PlyCount "59"]
[EventDate "2002.11.30"]
[EventType "swiss"]
[EventRounds "9"]
[EventCountry "POL"]
[SourceTitle "CBM 091 Extra"]
[Source "ChessBase"]
[SourceDate "2003.01.09"]
[SourceVersion "1"]
[SourceVersionDate "2003.01.09"]
[SourceQuality "1"]

1. e4 e5 2. Nf3 Nc6 3. Bb5 Nf6 4. 0-0 Bc5 5. c3 0-0 6. d4 Bb6 7. Bg5 h6 8. Bh4 d6 9. Bxc6 bxc6 10. Nbd2 Bg4 11. Qc2 Re8 12. dxe5 dxe5 13. h3 Bh5 14. g4 Bg6 15. Bg3 Nd7 16. Nh4 Qf6 17. Nf5 Bxf5 18. exf5 Rad8 19. Ne4 Qe7 20. Rad1 f6 21. b4 Kh7 22. g5 a5 23. g6+ Kh8 24. a3 Ra8 25. Qb3 Red8 26. Kg2 c5 27. Qe6 Qxe6 28. fxe6 f5 29. Bh4 Re8 30. exd7 1-0

[Event "POL-ch sf (Women)"]
[Site "Lubniewice"]
[Date "2002.12.06"]
[Round "7"]
[White "Socha, Anna"]
[Black "Krupa, Monika"]
[Result "0-1"]
[WhiteElo "2094"]
[BlackElo "2248"]
[PlyCount "90"]
[EventDate "2002.11.30"]
[EventType "swiss"]
[EventRounds "9"]
[EventCountry "POL"]
[SourceTitle "CBM 091 Extra"]
[Source "ChessBase"]
[SourceDate "2003.01.09"]
[SourceVersion "1"]
[SourceVersionDate "2003.01.09"]
[SourceQuality "1"]

1. e4 g6 2. d4 Bg7 3. Nc3 c6 4. Nf3 d5 5. h3 Nh6 6. Bf4 0-0 7. Qd2 dxe4 8. Nxe4 Nf5 9. 0-0-0 Qd5 10. Nc3 Qa5 11. g4 Nd6 12. Bd3 Be6 13. Kb1 Na6 14. Bh6 Nb4 15. a3 Nd5 16. Ne4 Qxd2 17. Bxd2 Nxe4 18. Bxe4 f5 19. gxf5 Bxf5 20. Bxd5+ cxd5 21. Ne5 Rac8 22. Bc3 Bxe5 23. dxe5 Be4 24. Rh2 Rf3 25. h4 h5 26. Rd2 Kf7 27. Re2 Ke6 28. Kc1 Rc4 29. Re3 Rf4 30. b3 Rc8 31. f3 Bf5 32. Be1 d4 33. Bg3 Rxh4 34. Bxh4 dxe3 35. Bg5 Kxe5 36. Bxe3 b6 37. Bg5 Be6 38. Kb2 Bd5 39. f4+ Kf5 40. Re2 Be4 41. c4 e5 42. Rf2 Kg4 43. Bh6 Kg3 44. Rf1 Bg2 45. Rg1 h4 0-1

[Event "POL-ch sf (Women)"]
[Site "Lubniewice"]
[Date "2002.12.02"]
[Round "3"]
[White "Socha, Anna"]
[Black "Hermanowicz, Dominika"]
[Result "1-0"]
[WhiteElo "2094"]
[BlackElo "2116"]
[PlyCount "97"]
[EventDate "2002.11.30"]
[EventType "swiss"]
[EventRounds "9"]
[EventCountry "POL"]
[SourceTitle "CBM 091 Extra"]
[Source "ChessBase"]
[SourceDate "2003.01.09"]
[SourceVersion "1"]
[SourceVersionDate "2003.01.09"]
[SourceQuality "1"]

1. e4 c5 2. Nf3 d6 3. d4 cxd4 4. Nxd4 Nf6 5. Nc3 e6 6. g3 Be7 7. Bg2 0-0 8. 0-0 a6 9. a4 Qc7 10. f4 Nc6 11. Nb3 b6 12. g4 Bb7 13. g5 Nd7 14. Qh5 Rfe8 15. Be3 Bf8 16. Rf3 g6 17. Qh4 Bg7 18. Raf1 Ne7 19. Rh3 Nf8 20. Qf2 Nd7 21. Bd4 f5 22. Bxg7 Kxg7 23. Nd4 Nf8 24. Kh1 Qc5 25. Nce2 Bxe4 26. Bxe4 fxe4 27. Rc3 Qd5 28. Qe3 Rac8 29. Re1 Nf5 30. Nxf5+ exf5 31. Rxc8 Rxc8 32. Nc3 Qc5 33. Qd2 Ne6 34. Rd1 Rc6 35. h4 b5 36. axb5 axb5 37. Ra1 e3 38. Qg2 Nxf4 39. Qf3 Ne6 40. Ra7+ Qxa7 41. Qxc6 Qc7 42. Qxb5 Nd4 43. Qd3 Qc6+ 44. Kh2 Nf3+ 45. Kg3 Ne1 46. Qd4+ Kg8 47. Nd5 Nxc2 48. Ne7+ Kf7 49. Qf6+ 1-0

[Event "POL-ch sf (Women)"]
[Site "Lubniewice"]
[Date "2002.12.01"]
[Round "2"]
[White "Korosciel, Aneta"]
[Black "Socha, Anna"]
[Result "0-1"]
[WhiteElo "2041"]
[BlackElo "2094"]
[PlyCount "72"]
[EventDate "2002.11.30"]
[EventType "swiss"]
[EventRounds "9"]
[EventCountry "POL"]
[SourceTitle "CBM 091 Extra"]
[Source "ChessBase"]
[SourceDate "2003.01.09"]
[SourceVersion "1"]
[SourceVersionDate "2003.01.09"]
[SourceQuality "1"]

1. e4 e5 2. Nf3 Nc6 3. Bb5 Nf6 4. 0-0 Bc5 5. Nc3 Nd4 6. Nxe5 0-0 7. Bc4 c6 8. Nd3 d5 9. Nxc5 dxc4 10. e5 Ng4 11. e6 Qh4 12. h3 Ne5 13. f4 Ng6 14. f5 Ne5 15. d3 fxe6 16. Rf4 Qe7 17. Nxe6 Nxe6 18. fxe6 Bxe6 19. d4 Ng6 20. Re4 Qf6 21. Re2 Rae8 22. Ne4 Qh4 23. Bg5 Qh5 24. Qd2 h6 25. Be3 Bxh3 26. Nd6 Bg4 27. Nxe8 Bxe2 28. Nd6 b5 29. Re1 Bg4 30. a4 Qd5 31. Nb7 Nh4 32. Nc5 Bh3 33. Re2 Bxg2 34. Rf2 Nf3+ 35. Rxf3 Bxf3 36. Qe1 Qh5 0-1